Laughing camera I
Tallennettuna:
| Päätekijä: | |
|---|---|
| Muut tekijät: | |
| Aineistotyyppi: | Tuntematon |
| Kieli: | englanti |
| Julkaistu: |
New York, USA
Hill and Wang
1967
|
| Painos: | First edition |
| Aiheet: | |
| Tagit: |
Lisää tagi
Ei tageja, Lisää ensimmäinen tagi!
|
MARC
| LEADER | 00000 a2200000 4500 | ||
|---|---|---|---|
| 003 | CL-VaPUC | ||
| 005 | 20210825123739.0 | ||
| 008 | 210720b1967 ||||| |||| 00| 0 eng d | ||
| 999 | |c 433335 |d 433333 | ||
| 040 | |c Pontificia Universidad Católica de Valparaíso | ||
| 082 | |a 779 REI 1967 | ||
| 100 | 1 | |a Reich, Hanns |9 862137 | |
| 245 | 1 | |a Laughing camera I | |
| 250 | |a First edition | ||
| 260 | |a New York, USA |b Hill and Wang |c 1967 | ||
| 300 | |a 72 páginas; |b fotografías en blanco y negro | ||
| 583 | |k Cristina Rojas |c 20210720 | ||
| 650 | 0 | |a Fotografía artística |9 269391 | |
| 700 | |a Held, Heinz |9 862248 | ||
| 942 | |2 ddc |c BK | ||
| 952 | |0 0 |1 0 |2 ddc |4 0 |6 779_000000000000000_REI_1967 |7 0 |8 R |9 578432 |a BIBART |b BIBART |d 2021-07-15 |e 139 |g 8363.63 |i 5586453 |o 779 REI 1967 |p 5586453 |r 2025-03-13 |t 1 |v 0.00 |w 2021-07-15 |y BK_R |k ART | ||